000 01362nam0a2200289 4500
001 RU\NLR\bibl\1400120
005 20250615203914.0
010 _a978-5-91458-039-8
_9100
021 _aRU
_b2009-44625
_92710
035 _a(NLR Aleph) 001392128
090 _a1168915
_c1168915
100 _a20090811d2009 |||y0rusy50 ca
101 0 _arus
102 _aRU
105 _ay |||||||||
200 1 _aПраво на неприкосновенность жилища (уголовно-правовой аспект)
_fЭ.Ю. Авшеев
_gФедер. агентство по образованию, Гос. образоват. учреждение высш. проф. образования "Калмыц. гос. ун-т"
210 _aЭлиста
_cИзд-во Калмыцкого университета
_d2009
215 _a107, [1] с.
_d21
320 _aБиблиогр. в подстроч. примеч.
606 1 _aНеприкосновенность жилища
_xНарушения
_xУголовная ответственность
_yРоссийская Федерация
_92564739
_3RU\NLR\auth\661516945
686 _aХ628.111.415
700 1 _aАвшеев
_bЭ. Ю.
_gЭрдни Юрьевич
_4070
801 0 _aRU
_bNLR
_c20090811
_gRCR
801 1 _aRU
_bNLR
_c20090811
942 _cBOOK
980 _aNB